| 000 | 00489nam a2200205Ia 4500 | ||
|---|---|---|---|
| 003 | OSt | ||
| 005 | 20260202143626.0 | ||
| 008 | 210210b1976 xxu||||| |||| 00| 0 eng d | ||
| 040 | _cAL | ||
| 041 | _aeng | ||
| 082 | _a813.54 ELLI | ||
| 100 |
_aRalph Ellison _9253543 |
||
| 245 | _aInvisible man | ||
| 260 |
_aNew Delhi _bAllied Publishers _c1976 |
||
| 300 | _ax,439p | ||
| 650 |
_aFiction _9253544 |
||
| 690 |
_aAmerican English Fiction _9253545 |
||
| 906 | _a032971 | ||
| 942 |
_2ddc _cBK |
||
| 999 |
_c83691 _d83691 |
||